|
|
|
|
| LEADER |
01002nam a2200253 a 4500 |
| 001 |
c000192729 |
| 003 |
CARM |
| 005 |
20021125001600.0 |
| 008 |
840125n xx b 00110 eng d |
| 019 |
1 |
|
|a 2999702
|5 LACONCORD2021
|
| 035 |
|
|
|a (OCoLC)220107824
|5 LACONCORD2021
|
| 040 |
|
|
|a NUN
|c NUN
|
| 082 |
1 |
|
|a 821/.1/09
|2 19
|
| 100 |
1 |
|
|a Wittig, Susan.
|
| 245 |
1 |
0 |
|a Stylistic and narrative structures in the Middle English romances /
|c by Susan Wittig.
|
| 300 |
|
|
|a 223 p. ;
|c 24 cm.
|
| 500 |
|
|
|a Photocopy of: Austin : University of Texas Press, c1978.
|
| 500 |
|
|
|a Includes index.
|
| 504 |
|
|
|a Bibliography: p. [209]-215.
|
| 650 |
|
0 |
|a Romances, English
|x History and criticism.
|
| 650 |
|
0 |
|a English poetry
|y Middle English, 1100-1500
|x History and criticism.
|
| 852 |
8 |
|
|b CARM
|h A2:AK18G0
|i C08113
|p 0293250
|f BK
|
| 999 |
f |
f |
|i 6888a6e6-6615-5209-9b8f-618cbfb31138
|s dcead0e8-0c87-5bf3-a3c3-ef4eade36c3b
|
| 952 |
f |
f |
|p Can circulate
|a CAVAL
|b CAVAL
|c CAVAL
|d CARM 1 Store
|e C08113
|f A2:AK18G0
|h Other scheme
|i book
|m 0293250
|